Projektový manažment a možnosti jeho uplatnenia v podnikovej stratégii bakalárska práca

Gespeichert in:
Bibliographische Detailangaben
1. Verfasser: Kösegi, Michal
Körperschaft: Fakulta podnikového manažmentu EU. Katedra manažmentu
Weitere Verfasser: Ďurik, Martin
Format: Buch
Sprache:Slowakisch
Veröffentlicht: Bratislava 2013
Tags: Tag hinzufügen
Keine Tags, Fügen Sie das erste Tag hinzu!

MARC

LEADER 00000nbm a2200000 4500
001 0176992
005 20170704140351.8
041 0 |a slo 
044 |a SK 
245 1 0 |a Projektový manažment a možnosti jeho uplatnenia v podnikovej stratégii  |b bakalárska práca  |c Michal Kösegi ; školiteľ: Martin Ďurik 
264 1 |a Bratislava  |c 2013 
300 |a 48 s. 
100 1 |a Kösegi, Michal 
700 1 |a Ďurik, Martin 
710 2 |a Fakulta podnikového manažmentu EU. Katedra manažmentu